000 00873nam a2200217 4500
001 116340
003 ES-MaACL
005 20230906190704.0
007 t|
008 061121s1959 sp r ||||1| spa d
100 1 _aParmentter-Belcux, Mario.
_989201
245 1 0 _aGuía práctica para el médico de orientación profesional /
_cpor Mario Parmentter-Belcux ; con la colaboración de G. Berneri, J. Bernfeld ; prólogo del profesor Laugier ; traducción al castellano por el Dr. José Germain , ordenación del texto a cargo del Dr. Ricardo Ibarrola.
260 _aMadrid :
_bBiblioteca Nueva,
_c1959.
300 _a308 p. ;
_c20 cm.
700 1 _aBerneri, G.
_928315
700 1 _aBernfeld, J.
_928319
700 1 _aLaugier.
_970597
700 1 _aGermain, José (
_d1897-1986)
_9170494
700 1 _aIbarrola, Ricardo.
_964975
852 _aES-MaACL
_jC-16292
_bR.44485
999 _c116340
_d116340